000 00287nam a22000977a 4500
008 240220b |||||||| |||| 00| 0 eng d
082 _aA-N
_bQUEE
100 1 0 _aQuezadas, Juan Carlos
_eautor
_942594
245 _aEn que piensa una cabeza recien cortada /
_cJuan Carlos Quezadas
942 _2ddc
999 _c30672
_d17056